000 01076nam2a22002291 4500
001 rc\2185984
005 20250623055518.0
035 _a(NLR Aleph) 006610623
090 _a7345083
_c7345083
100 _a20110829d1978 |||y0rusy50 ca
101 0 _arus
102 _aRU
105 _aa z |||||
200 0 _aВып. 1
210 _d1978
_aБ. м.
215 _a230 с.
_cил.
461 0 _1001rc\2185983
_12001#$aМатематические задачи для школьных олимпиад$fП.К. Магомедбеков, Б.М. Магомедханов, И.М. Челябов$vВып. 1
_1700#1$aМагомедбеков$bП.К.$gПарпач Казиахмедович
_97345077
_aМагомедбеков, П.К.
_cМахачкала
_d1978
_fП.К. Магомедбеков, Б.М. Магомедханов, И.М. Челябов
_nДагучпедгиз
_tМатематические задачи для школьных олимпиад
_vВып. 1
801 0 _aRU
_bNLR
_gpsbo
801 1 _aRU
_bELAR
_2rusmarc
852 _aNLR
_j79-5/1058
942 _cBOOK
980 _aNB